00596nam a2200193Ia 4500001001000000003000500010008004100015010001100056040000900067082001900076100001500095245005500110260005400165300001500219440001800234500004600252650006100298710004300359Para_8149CHAP220125s1900 xx 000 0 und d a207061 cCHAP aPA-C 595.75 H4 aLowe, V.H. aSan Jose Scale investigations II /c by V.H. Lowe aGeneva, N.Y. :b Agricultural Experiment Station a370-384 p. aHemiptera; 15 aEncuadernado con otros impresos similares ax Hemípteros x colecciones de escritos x Aspidiotus aNew York. Agr. Exp. Sta. Bulletin; 194